Dacie and Lewis Practical Haematology (Record no. 349)

MARC details
000 -LEADER
fixed length control field 00640nam a22002297a 4500
003 - CONTROL NUMBER IDENTIFIER
control field OSt
005 - DATE AND TIME OF LATEST TRANSACTION
control field 20170217192948.0
008 - FIXED-LENGTH DATA ELEMENTS--GENERAL INFORMATION
fixed length control field 140815b xxu||||| |||| 00| 0 eng d
020 ## - INTERNATIONAL STANDARD BOOK NUMBER
International Standard Book Number 9780443063770
020 ## - INTERNATIONAL STANDARD BOOK NUMBER
International Standard Book Number 0443063788
040 ## - CATALOGING SOURCE
Transcribing agency DLC
082 ## - DEWEY DECIMAL CLASSIFICATION NUMBER
Classification number WH100 D177v 2002
100 ## - MAIN ENTRY--PERSONAL NAME
Personal name Edited by Mitchell, Lewis S.; Barbara J. Bain; Imelda, Bates
9 (RLIN) 11270
245 ## - TITLE STATEMENT
Title Dacie and Lewis Practical Haematology
250 ## - EDITION STATEMENT
Edition statement 9th ed.
260 ## - PUBLICATION, DISTRIBUTION, ETC. (IMPRINT)
Place of publication, distribution, etc. london;
Name of publisher, distributor, etc. Churchill,
Date of publication, distribution, etc. 2001
300 ## - PHYSICAL DESCRIPTION
Extent xi,633 p.:
Other physical details col.ill;
Dimensions 27 cm.
504 ## - BIBLIOGRAPHY, ETC. NOTE
Bibliography, etc References & index included
650 ## - SUBJECT ADDED ENTRY--TOPICAL TERM
Topical term or geographic name as entry element Haematology
9 (RLIN) 898
650 ## - SUBJECT ADDED ENTRY--TOPICAL TERM
Topical term or geographic name as entry element Blood
9 (RLIN) 2982
942 ## - ADDED ENTRY ELEMENTS (KOHA)
Source of classification or shelving scheme Other/Generic Classification Scheme
Koha item type Book Bank
Holdings
Withdrawn status Lost status Source of classification or shelving scheme Damaged status Not for loan Home library Current library Date acquired Source of acquisition Inventory number Total Checkouts Full call number Barcode Date last seen Koha item type Total Renewals Checked out Date last checked out
    Other/Generic Classification Scheme     MUST Main Library MUST Main Library 15/08/2014   03/19467   WH100 D177v 2002 2014-2216 15/08/2014 Book Bank      
    Other/Generic Classification Scheme     MUST Main Library MUST Main Library 15/08/2014   09/31887   WH100 P88m 2002 2014-2217 15/08/2014 Book Bank      
    Other/Generic Classification Scheme     MUST Main Library MUST Main Library 15/08/2014   05/23704 2 WH100 D177v 2001 2014-2218 10/09/2021 Book Bank 1 10/09/2021 10/09/2021
    Other/Generic Classification Scheme     MUST Main Library MUST Main Library 26/02/2015   03/20087   WH100 D177v 2002 2015-0383 26/02/2015 Short Loan      
    Other/Generic Classification Scheme     MUST Main Library MUST Main Library 26/02/2015   03/19466   WH100 D177v 2002 2015-0384 26/02/2015 Short Loan      
    Other/Generic Classification Scheme     MUST Main Library MUST Main Library 09/11/2016   03/19470   WH100 D177v 2002 2016-4905 09/11/2016 Open Shelf